| 000 | 00817nam a22002417a 4500 | ||
|---|---|---|---|
| 003 | 0 | ||
| 005 | 20170927173911.0 | ||
| 008 | 130423t xxu||||| |||| 00| 0 eng d | ||
| 020 | _a978-2-10-054506-3 | ||
| 040 |
_aBUAC _bFre. _cBUC |
||
| 041 | _aFre. | ||
| 100 |
_aBoutin, Valérie _923969 |
||
| 245 |
_aAtlas de biologie végétale _c/Valérie Boutin, Jean-François Fogelgesang, Jean-François Beaux, François Ribla |
||
| 260 |
_aParis : _bEd. Dunod, _c2010 |
||
| 300 |
_a128p. _c28 cm. _bill. ; photogr. ; |
||
| 440 |
_a(Collection J'intèfre) _923970 |
||
| 630 |
_aSCIENCES EXACTES _923971 |
||
| 650 |
_aBiologie Végétale _923972 |
||
| 700 |
_aFogelgesang , Jean-François _cCollab. _923973 |
||
| 700 |
_aBeaux,Jean-François _cCollab. _923974 |
||
| 700 |
_aRibola, François _cCollab. _923975 |
||
| 942 | _cLBA | ||
| 999 |
_c51134 _d51134 |
||